Memorials of Cristie´s (Record no. 5234)

MARC details
000 -CABECERA
campo de control de longitud fija 00740nam a2200253 a 4500
001 - NÚMERO DE CONTROL
campo de control BRCA_5540
005 - FECHA Y HORA DE LA ÚLTIMA TRANSACCIÓN
campo de control 20190320205125.0
008 - DATOS DE LONGITUD FIJA--INFORMACIÓN GENERAL
campo de control de longitud fija 280311s1897----enka######---#000-0#eng-#
041 ## - CÓDIGO DE LENGUA
Código de lengua del texto/banda sonora o título independiente eng
044 ## - CÓDIGO DEL PAÍS DE LA ENTIDAD EDITORA/PRODUCTORA
Código MARC del país enk
050 #4 - SIGNATURA TOPOGRÁFICA DE LA BIBLIOTECA DEL CONGRESO
Número de clasificación N5208.5
Número de documento/Ítem .R63 1897
100 1# - ENTRADA PRINCIPAL--NOMBRE DE PERSONA
Nombre de persona Roberts, W.
9 (RLIN) 14135
245 10 - MENCIÓN DE TÍTULO
Título Memorials of Cristie´s
Resto del título a record of art sales from 1766 to 1896
Mención de responsabilidad, etc. by W. Roberts.
260 ## - PUBLICACIÓN, DISTRIBUCIÓN, ETC.
Lugar de publicación, distribución, etc. Londres
Nombre del editor, distribuidor, etc. G. Bell
Fecha de publicación, distribución, etc. 1897
300 ## - DESCRIPCIÓN FÍSICA
Extensión v.1
Otras características físicas il. 21.
Dimensiones 26 cm.
500 ## - NOTA GENERAL
Nota general Estado físico: tapas deterioradas
500 ## - NOTA GENERAL
Nota general F16
650 14 - PUNTO DE ACCESO ADICIONAL DE MATERIA--TÉRMINO DE MATERIA
Término de materia o nombre geográfico como elemento de entrada Arte
Subdivisión general Coleccionistas y colecciones
9 (RLIN) 7445
650 14 - PUNTO DE ACCESO ADICIONAL DE MATERIA--TÉRMINO DE MATERIA
Término de materia o nombre geográfico como elemento de entrada Arte
Subdivisión de forma Catálogos
Subdivisión general Precios
9 (RLIN) 12934
650 14 - PUNTO DE ACCESO ADICIONAL DE MATERIA--TÉRMINO DE MATERIA
Término de materia o nombre geográfico como elemento de entrada Subastas
9 (RLIN) 7837
651 #4 - PUNTO DE ACCESO ADICIONAL DE MATERIA--NOMBRE GEOGRÁFICO
Nombre geográfico Londres
Subdivisión de forma Catálogos
Subdivisión general Arte
9 (RLIN) 14136
902 ## - CATALOGADOR
Iniciales GFM
942 ## - ELEMENTOS DE PUNTO DE ACCESO ADICIONAL (KOHA)
Fuente del sistema de clasificación o colocación Library of Congress Classification
Tipo de ítem Koha Libros
Holdings
Estado de retiro Estado de pérdida Estado dañado No para préstamo Localización permanente Ubicación/localización actual Fecha de adquisición Número de inventario Total de préstamos Signatura topográfica completa Código de barras Fecha visto por última vez Precio válido a partir de Tipo de ítem Koha
El ejemplar forma parte de la colección y puede ser consultado según las políticas vigentes.       Biblioteca del Museo Franz Mayer (Rogerio Casas-Alatriste) Biblioteca del Museo Franz Mayer (Rogerio Casas-Alatriste) 09/02/2011 F16   N5208.5 .R63 1897 (F16) 5976 22/03/2019 22/03/2019 Libros